banner koha

Quais os impactos do uso de transgênicos na agricultura? (Registro n. 328072)

MARC details
000 -LÍDER
fixed length control field 01006nab a2200313 4500
003 - CÓDIGO MARC DA AGÊNCIA CATALOGADORA
Campo de controle BR-BrBNA
005 - DATA E HORA DA ÚLTIMA ATUALIZAÇÃO
Campo de controle 20241012224621.0
008 - CAMPO DE TAMANHO FIXO
fixed length control field 241012b bl.||||| |||| 00| 0 por d
040 ## - FONTE DA CATALOGAÇÃO
Agência catalogadora BR-BrBNA
Idioma da catalogação por
072 ## - CATEGORIA AGRIS
Código AGRIS F30 ; Q03 ; E16
100 ## - ENTRADA PRINCIPAL - NOME PESSOAL
Nome pessoal Carvalho, Tatiana
100 ## - ENTRADA PRINCIPAL - NOME PESSOAL
Nome pessoal Paterniani, Ernesto
245 ## - TÍTULO PRINCIPAL
Título principal Quais os impactos do uso de transgênicos na agricultura?
Subtítulo Fórum de ideias
500 ## - NOTA GERAL
Nota geral 1 illus.
942 ## - ADDED ENTRY ELEMENTS (KOHA)
Koha item type Analítica
650 ## - ASSUNTO - THESAGRO
Cabeçalho tópico ou nome geográfico AGRICULTURA
650 ## - ASSUNTO - THESAGRO
Cabeçalho tópico ou nome geográfico TRANSGENIA
650 ## - ASSUNTO - THESAGRO
Cabeçalho tópico ou nome geográfico BIOTECNOLOGIA
650 ## - ASSUNTO - THESAGRO
Cabeçalho tópico ou nome geográfico MEIO AMBIENTE
650 ## - ASSUNTO - THESAGRO
Cabeçalho tópico ou nome geográfico SAÚDE PÚBLICA
650 ## - ASSUNTO - THESAGRO
Cabeçalho tópico ou nome geográfico CONTAMINAÇÃO
650 ## - ASSUNTO - THESAGRO
Cabeçalho tópico ou nome geográfico AVALIAÇÃO DE RISCO
650 ## - ASSUNTO - THESAGRO
Cabeçalho tópico ou nome geográfico INOVAÇÃO
650 ## - ASSUNTO - THESAGRO
Cabeçalho tópico ou nome geográfico BIODIVERSIDADE
650 ## - ASSUNTO - THESAGRO
Cabeçalho tópico ou nome geográfico PRODUTIVIDADE
650 ## - ASSUNTO - THESAGRO
Cabeçalho tópico ou nome geográfico CUSTO-BENEFÍCIO
773 0# - ENTRADA ANALÍTICA
Host Biblionumber 4115
Registro do item 344969
Imprenta Piracicaba-SP Centro de Estudos Avançados em Economia Aplicada-CEPEA/USP/ESALQ 2002
Outro identificador 2024-5381
Título Hortifruti Brasil (Brazil)
ISSN 1981-1837
Colação v. 1(9) p.18-19; (Jan 2003)
Número de controle de registro BR2024003029

Nenhum exemplar disponível.

BINAGRI

Telefone: (61)3218-2567/2388/3357/2097 - binagri@agro.gov.br

Ministério da Agricultura e Pecuária , Esplanada dos Ministérios, Bloco D, Anexo B, Brasília/DF, CEP: 70.043-900